000 01005cam a22003137a 4500
003 CHAP
005 20220329133257.0
008 971013s1990 r 00010 d
010 _a4187
011 _a5159
035 _a4365
040 _cCHAP
082 _a583.32
_bG89
100 0 0 _aGuzmán Plazola, Remigio Anastacio.
_951994
245 1 3 _aLa endomicorriza vesículo-arbuscular en las leguminosas
260 _aMontecillo, Méx. :
_bColegio de Postgraduados,
_c1990
300 _a119 p.
_b: ilus. ; gráfs.
590 _aBATCH-UPD
_b10
_c20130110
_lUCH01
_h1240
590 _aBATCH-UPD
_b10
_c20130410
_lUCH01
_h0807
590 _aBATCH-UPD
_b10
_c20130914
_lUCH01
_h1720
590 _aCONVERSION
_b10
_c20130109
_lUCH01
_h1303
650 1 4 _aLeguminosas.
_965807
650 1 4 _aPlantas
_xNutrición.
_988874
650 1 4 _aSimbiosis.
_9106148
700 0 _aFerrara-Cerrato, Ronald.
_940370
901 _aBK
942 _cLIBRO
949 _a583.32 G89
_bBC
_cUACH
_d-13903
_eUACH
_gI.c/e
_h80837
_i4365
_si
_t17.00
999 _c4187
_d4187